Statistics for management and economics (Record no. 581066)

000 -LEADER
fixed length control field 00549nam a22001937a 4500
003 - CONTROL NUMBER IDENTIFIER
control field CEME
005 - DATE AND TIME OF LATEST TRANSACTION
control field 20210628205448.0
008 - FIXED-LENGTH DATA ELEMENTS--GENERAL INFORMATION
fixed length control field 210304b xxu||||| |||| 00| 0 eng d
020 ## - INTERNATIONAL STANDARD BOOK NUMBER
International Standard Book Number 0-534-93299-1
040 ## - CATALOGING SOURCE
Transcribing agency .
082 ## - DEWEY DECIMAL CLASSIFICATION NUMBER
Classification number 519.5 MEN'S
100 ## - MAIN ENTRY--PERSONAL NAME
Personal name Beaver, Robert J Reinmuth, James Emendenball, William
9 (RLIN) 75674
245 ## - TITLE STATEMENT
Title Statistics for management and economics
250 ## - EDITION STATEMENT
Edition statement 7TH
260 ## - PUBLICATION, DISTRIBUTION, ETC.
Place of publication, distribution, etc. CALIFORNIA
Name of publisher, distributor, etc. DUXBURY PRESS
Date of publication, distribution, etc. 1993
300 ## - PHYSICAL DESCRIPTION
Extent 1060P
650 ## - SUBJECT ADDED ENTRY--TOPICAL TERM
Topical term or geographic name entry element SOCIAL SCIENCES STATISTICAL METHODS STATISTICS
9 (RLIN) 75675
942 ## - ADDED ENTRY ELEMENTS (KOHA)
Koha item type Book
Source of classification or shelving scheme

No items available.

© 2023 Central Library, National University of Sciences and Technology. All Rights Reserved.